| 000 | 00359nam a22001577a 4500 | ||
|---|---|---|---|
| 003 | SGT | ||
| 082 |
_a610 _bP23M |
||
| 100 | _aMEHTA, PRADIP. J. | ||
| 245 | _aP.J. MEHTA'S PRACTICAL MEDICINE | ||
| 250 | _a22TH | ||
| 260 |
_aMUMBAI _bNATIONAL BOOK DEPOT _c2023 |
||
| 300 | _a638 | ||
| 650 | _aMEDICINE | ||
| 653 | _aPRACTICAL, MEDICINE | ||
| 942 |
_2ddc _cBK _010 |
||
| 999 |
_c29007 _d29007 |
||